000 00433nam a2200145 a 4500
005 20140412111324.0
008 001111s19uu xx 00 eng d
020 _a1-85591-246-5
050 _aER
_bTh32 1992
245 _aThomas the tank engine and the friends :
_bThomas, Percy and the post train.
260 _aLondon :
_bBuzz Books,
_c1992.
300 _a29 p. ; ill.
650 _aRailroad -- Trains -- Fiction
999 _c104494
_d104494